El viento que arrasa /

Guardado en:
Autor Principal: Almada, Selva.
Formato: Libro
Idioma:Spanish
Publicado: CABA : Literatura Random House, 2022.
Materias:
Etiquetas: Agregar Etiqueta
Sin Etiquetas, Sea el primero en etiquetar este registro!
LEADER 00518nam a22001695a 4500
001 EHU.bham051109
008 221025s2022####ag############000#0#spa#d
005 20221025103449.0
245 0 0 |a El viento que arrasa /  |c Selva Almada. 
260 |a CABA :  |b Literatura Random House,  |c 2022. 
300 |a 160 p. 
020 |a 978987691382 
100 1 |a Almada, Selva. 
082 9 8 |a A863.5 AL444-2 
653 |a Literatura argentina-2000- 
653 |a Novela argentina-2000- 
859 |a AR-BHAM  |b BIB. HUMANIDADES - General  |h A863.5  |i AL444-2  |p 495.22